| 000 | 01236nam a2200229 a 4500 | ||
|---|---|---|---|
| 001 | 000368326 | ||
| 003 | AM-YeHGA | ||
| 005 | 20250617131830.0 | ||
| 008 | 041011s1984 ||| r 000 0 rus d | ||
| 040 | _aAM-YeHGA | ||
| 041 | 1 |
_arus _hfre |
|
| 100 | 1 | _aКорнель, Пьер. | |
| 245 | 1 | 0 |
_aТеатр : _bВ 2-х т : Пер. с фр. / _cПьер Корнель; Ред. пер. Н.М. Любимов; Сост., ст. и коммент. А.Д. Михайлова; Худож. С.М. Бархин. |
| 260 |
_aМосква : _bИскусство, _c1984. |
||
| 300 | _a2 т. | ||
| 505 | 0 | 0 |
_gТ. 1 (551 с. : ил.) : _tКомпаньонка; Королевская площадь; Иллюзия; Сид; Гораций; Цинна; Полиевкт ; _gТ. 2 (687 с. : ил.) : _tПомпей; Лжец; Родогуна; Ираклий; Дон Санчо Арагонский; Никомед; Серторий; Сурена |
| 653 | 0 | _aЗарубежная литература | |
| 700 | 1 |
_aЛюбимов, Н.М. _eред. _4edt |
|
| 700 | 1 |
_aМихайлов, А.Д. _eсост. _eавт. вступ. ст. _eавт. коммент. _4com _4aui _4cmm |
|
| 700 | 1 |
_aБархин, С.М. _eхудож. _4art |
|
| 090 | _c142195 | ||
| 999 |
_c140816 _d140816 |
||